<?xml version="1.0" encoding="UTF-8"?><?xml-stylesheet type="text/xsl" href="static/style.xsl"?><OAI-PMH xmlns="http://www.openarchives.org/OAI/2.0/" xmlns:xsi="http://www.w3.org/2001/XMLSchema-instance" xsi:schemaLocation="http://www.openarchives.org/OAI/2.0/ http://www.openarchives.org/OAI/2.0/OAI-PMH.xsd"><responseDate>2026-06-04T11:29:37Z</responseDate><request verb="GetRecord" identifier="oai:recam.amb.cat:20.500.14439/2736" metadataPrefix="marc">https://recam.amb.cat/rest/oai/request</request><GetRecord><record><header><identifier>oai:recam.amb.cat:20.500.14439/2736</identifier><datestamp>2024-12-08T18:12:55Z</datestamp><setSpec>com_20.500.14439_113</setSpec><setSpec>col_20.500.14439_116</setSpec></header><metadata><record xmlns="http://www.loc.gov/MARC21/slim" xmlns:dcterms="http://purl.org/dc/terms/" xmlns:xsi="http://www.w3.org/2001/XMLSchema-instance" xmlns:doc="http://www.lyncode.com/xoai" xsi:schemaLocation="http://www.loc.gov/MARC21/slim http://www.loc.gov/standards/marcxml/schema/MARC21slim.xsd">
   <leader>00925njm 22002777a 4500</leader>
   <datafield ind2=" " ind1=" " tag="042">
      <subfield code="a">dc</subfield>
   </datafield>
   <datafield ind2=" " ind1=" " tag="720">
      <subfield code="a">Àrea Metropolitana de Barcelona</subfield>
      <subfield code="e">author</subfield>
   </datafield>
   <datafield ind2=" " ind1=" " tag="260">
      <subfield code="c">2024-04-01</subfield>
   </datafield>
   <datafield ind2=" " ind1=" " tag="520">
      <subfield code="a">Document del PAM aprovat inicialment pel Consell Metropolità el 30 d’abril del 2024. El Pla d'actuació metropolità (PAM) és el document que guia l'acció del Govern metropolità per al mandat 2024-2027. Recull els objectius de caire estratègic que guiaran les actuacions que s'implementaran durant el mandat i ha estat elaborat a partir de l'Acord de Govern establert entre les diferents forces polítiques que integren el Govern metropolità. El PAM 2024-2027 té la vocació d'alinear-se amb els objectius de desenvolupament sostenible (ODS) de les Nacions Unides.</subfield>
   </datafield>
   <datafield ind1="8" ind2=" " tag="024">
      <subfield code="a">https://hdl.handle.net/20.500.14439/2736</subfield>
   </datafield>
   <datafield ind1="8" ind2=" " tag="024">
      <subfield code="a">17820545</subfield>
   </datafield>
   <datafield tag="653" ind2=" " ind1=" ">
      <subfield code="a">Ciutats</subfield>
   </datafield>
   <datafield ind2="0" ind1="0" tag="245">
      <subfield code="a">Pla d'actuació metropolità (PAM): 2024-2027</subfield>
   </datafield>
</record></metadata></record></GetRecord></OAI-PMH>